| 000 | 00854nam a2200181 a 4500 | ||
|---|---|---|---|
| 005 | 20140412111336.0 | ||
| 008 | 031017s19uu xx 00 eng d | ||
| 020 | _a0-02-830986-3 | ||
| 050 |
_aTR(GS 372.4 _bCh352 2000 |
||
| 245 |
_aChallenge (orange) : _bbook 1 level 1 workbook 1, Anotated Teacher's Edition. |
||
| 260 |
_aColumbus, Ohio : _bSRA/McGraw-Hill, _c2000. |
||
| 300 | _a67 p. ; ill. | ||
| 440 | _aSRA: Open Court Reading | ||
| 500 | _aContents: Identifying letters--Sounds and Spelling-- /wh/-and /w/-Controlled Vowels-- -er endings--Consonants--Main Idea and Details--Homophones--Context Clues--Possessive Nouns, Apostrophes--Rhyming Words--Long Vowels +r -- -ies,-ied Endings--Compare and contrast--Position words--Time and Order Words--Opposites. | ||
| 650 | _aReading--Activities | ||
| 650 | _aWriting--Activities | ||
| 999 |
_c105026 _d105026 |
||